| 000 | 00415nam a22001697a 4500 | ||
|---|---|---|---|
| 005 | 20250619112305.0 | ||
| 008 | 250507b |||||||| |||| 00| 0 eng d | ||
| 020 | _a9781526627506 | ||
| 040 | _cSDCL | ||
| 041 | _aeng | ||
| 084 | _aO-,3N60:g(S1) R0 LR | ||
| 100 |
_aGaiman, Neil _9459819 |
||
| 245 | _aFortunately, the Milk | ||
| 260 |
_aLondon : _bBloomsbury, _c2020. |
||
| 300 | _a140p | ||
| 942 |
_2CC _cGB |
||
| 999 |
_c1320346 _d1320346 |
||